Handbook of Financial Risk Management Simulations and Case Studies

Guardado en:
Detalles Bibliográficos
Autor principal: Chan, Ngai Hang
Otros Autores: Wong, H.Y
Formato: Libro
Lenguaje:inglés
Publicado: Hoboken WILEY 2013
Colección:Wiley Handbooks in Financial Engineering and Econometrics
Materias:
Etiquetas: Agregar Etiqueta
Sin Etiquetas, Sea el primero en etiquetar este registro!

MARC

LEADER 00000nam a2200000 4500
001 0248765
005 20240313132938.5
020 |a 978-0-470-64715-8 
041 0 |a eng 
044 |a US 
245 1 0 |a Handbook of Financial Risk Management  |b Simulations and Case Studies  |c N.H. Chan, H.Y. Wong 
264 1 |a Hoboken  |b WILEY  |c 2013 
300 |a 412 s. 
490 1 |a Wiley Handbooks in Financial Engineering and Econometrics 
830 0 |a Wiley Handbooks in Financial Engineering and Econometrics 
610 2 0 |a riziko finančné 
610 2 0 |a riadenie rizík 
610 2 0 |a kríza finančná 
610 2 0 |a trh finančný 
610 2 0 |a deriváty 
610 2 0 |a modelovanie ekonometrické 
610 2 0 |a modelovanie finančné 
610 2 0 |a metódy simulačné 
610 2 0 |a štúdie prípadové 
100 1 |a Chan, Ngai Hang 
700 1 |a Wong, H.Y.